Normal view
MARC view
- B Siciliano
Entry Personal Name
001 - CONTROL NUMBER
- control field: 124718
003 - CONTROL NUMBER IDENTIFIER
- control field: NUST
005 - DATE AND TIME OF LATEST TRANSACTION
- control field: 20240722124521.0
008 - FIXED-LENGTH DATA ELEMENTS
- fixed length control field: 240722|| aca||aabn | a|a d
040 ## - CATALOGING SOURCE
- Original cataloging agency: NUST
- Transcribing agency: NUST
100 ## - HEADING--PERSONAL NAME
- Personal name: B Siciliano
670 ## - SOURCE DATA FOUND
- Source citation: Work cat.: (NUST): B Siciliano, Control problems in Robotics and automation , 1998.
